[Event "Neu Isenburg op"]
[Site "Neu Isenburg"]
[Date "1992.04.26"]
[Round "11"]
[White "Dokhoian, Yury"]
[Black "Kovalev, Andrei"]
[Result "1-0"]
[WhiteElo "2545"]
[BlackElo "2570"]
[PlyCount "89"]
[EventDate "1992.04.24"]
[EventType "swiss (rapid)"]
[EventRounds "11"]
[EventCountry "GER"]
[SourceTitle "EXT 2003"]
[Source "ChessBase"]
[SourceDate "2002.11.25"]
[SourceVersion "1"]
[SourceVersionDate "2002.11.25"]
[SourceQuality "1"]

1. d4 Nf6 2. c4 g6 3. Nc3 Bg7 4. e4 O-O 5. Nf3 d6 6. Be2 e5 7. O-O Na6 8. Be3
Ng4 9. Bg5 Qe8 10. dxe5 dxe5 11. h3 h6 12. Bc1 Nf6 13. Be3 Nh5 14. c5 Nf4 15.
Bb5 Qe6 16. Re1 Kh8 17. Bf1 g5 18. a3 Qg6 19. Nh2 f5 20. exf5 Bxf5 21. Qb3 Nd3
22. Bxd3 Bxd3 23. Qxb7 Rab8 24. Qd5 Rxb2 25. Ng4 c6 26. Qd7 h5 27. Nh2 Rbb8 28.
Rac1 Rfd8 29. Qe7 Bf6 30. Qe6 Rbc8 31. Nf3 Bf5 32. Qc4 Nc7 33. h4 Bd3 34. Qa4
gxh4 35. Nxh4 Qh7 36. Nf3 Ne6 37. Bd2 Nxc5 38. Qb4 Na6 39. Qa5 Qg7 40. Nxe5 c5
41. Nxd3 Rxd3 42. Qxa6 Rg8 43. Qc6 Rxd2 44. Re6 Bg5 45. Ne4 1-0

[Event "Berliner Sommer 10th"]
[Site "Berlin"]
[Date "1992.??.??"]
[Round "?"]
[White "Korneev, Oleg"]
[Black "Dokhoian, Yury"]
[Result "0-1"]
[WhiteElo "2505"]
[BlackElo "2505"]
[PlyCount "96"]
[EventDate "1992.08.??"]
[EventType "swiss"]
[EventRounds "9"]
[EventCountry "GER"]
[SourceTitle "EXT 1998"]
[Source "ChessBase"]
[SourceDate "1997.11.17"]
[SourceVersion "1"]
[SourceVersionDate "1997.11.17"]
[SourceQuality "1"]

1. e4 c5 2. Nf3 d6 3. d4 cxd4 4. Nxd4 Nf6 5. Nc3 Nc6 6. Bc4 Qb6 7. Ndb5 a6 8.
Be3 Qa5 9. Nd4 e6 10. O-O Be7 11. f4 O-O 12. Bb3 Bd7 13. Qf3 Rae8 14. Nde2 h6
15. Rad1 Bc8 16. g4 Nh7 17. h3 Qc7 18. Ng3 b5 19. Nh5 Bb7 20. a3 Na5 21. f5
Nxb3 22. cxb3 Bf6 23. Nxf6+ Nxf6 24. Bd4 exf5 25. Bxf6 fxe4 26. Qe3 gxf6 27.
Rxf6 Qc5 28. Rd4 Qg5 29. Qxg5+ hxg5 30. Rdxd6 e3 31. Kf1 Re5 32. Ke2 Kg7 33.
Rh6 f6 34. Rh5 Bc8 35. Nd5 Be6 36. Nxe3 Bf7 37. Kf3 Rfe8 38. Nc2 Bxh5 39. gxh5
Rf5+ 40. Kg3 Kh6 41. Nd4 Re3+ 42. Kg2 Rf4 43. Ne6 Rfe4 44. Nd4 Kxh5 45. Nf5
Re2+ 46. Kf3 Kg6 47. Ng3 R2e3+ 48. Kg2 Re6 0-1

[Event "Bonn GSK"]
[Site "Bonn"]
[Date "1993.??.??"]
[Round "?"]
[White "Dokhoian, Yury"]
[Black "Luetke, Jens"]
[Result "1-0"]
[WhiteElo "2515"]
[BlackElo "2335"]
[PlyCount "87"]
[EventDate "1993.??.??"]
[EventType "tourn"]
[EventRounds "9"]
[EventCountry "GER"]
[EventCategory "8"]
[SourceTitle "CBM 034"]
[Source "ChessBase"]
[SourceDate "1993.06.01"]
[SourceVersion "1"]
[SourceVersionDate "1993.06.01"]
[SourceQuality "1"]

1. d4 d6 2. Nf3 Bg4 3. c4 c6 4. Nc3 e6 5. d5 Nf6 6. g3 Be7 7. Bg2 O-O 8. O-O
cxd5 9. cxd5 e5 10. h3 Bd7 11. a4 Qc8 12. Kh2 Na6 13. Be3 Qb8 14. Qb3 Rc8 15.
Qa3 Bf8 16. Nd2 Nh5 17. Bf3 Nf6 18. Rfc1 Nc7 19. Nc4 h6 20. b4 Bf5 21. Bg2 e4
22. Nd2 Ncxd5 23. Ndxe4 Bxe4 24. Nxe4 Nxe4 25. Bxe4 Nxe3 26. Qxe3 Re8 27. Qf3
Re7 28. Rc4 d5 29. Bxd5 Qe5 30. Ra2 Rd8 31. Bxb7 Rd1 32. b5 Qd6 33. Bc6 g5 34.
Re4 Rxe4 35. Bxe4 Qb4 36. Bd5 Qe7 37. Rc2 h5 38. a5 h4 39. b6 hxg3+ 40. fxg3
axb6 41. axb6 Qd7 42. b7 Bd6 43. Rc8+ Kg7 44. Qc3+ 1-0

[Event "Bonn GSK"]
[Site "Bonn"]
[Date "1993.??.??"]
[Round "?"]
[White "Dokhoian, Yury"]
[Black "Luther, Thomas"]
[Result "1-0"]
[WhiteElo "2515"]
[BlackElo "2465"]
[PlyCount "81"]
[EventDate "1993.??.??"]
[EventType "tourn"]
[EventRounds "9"]
[EventCountry "GER"]
[EventCategory "8"]
[SourceTitle "CBM 034"]
[Source "ChessBase"]
[SourceDate "1993.06.01"]
[SourceVersion "1"]
[SourceVersionDate "1993.06.01"]
[SourceQuality "1"]

1. d4 Nf6 2. c4 e6 3. Nf3 d5 4. Nc3 Bb4 5. cxd5 exd5 6. Bg5 Nbd7 7. Rc1 h6 8.
Bxf6 Bxc3+ 9. bxc3 Nxf6 10. e3 O-O 11. c4 Bg4 12. c5 Ne4 13. Be2 b5 14. Ne5
Bxe2 15. Qxe2 b4 16. Nc6 Qg5 17. Qf3 a5 18. h4 Qf6 19. Qxf6 Nxf6 20. f3 Rfe8
21. Ne5 Re7 22. c6 Kf8 23. Rc5 Ree8 24. g4 g5 25. Rb5 Kg7 26. Rb7 Rec8 27. hxg5
hxg5 28. a3 bxa3 29. Ke2 Rh8 30. Ra1 Rh2+ 31. Kd3 Ne8 32. Rxa3 f6 33. Nd7 Rf2
34. Nb6 Ra6 35. Nxd5 Rxc6 36. Rxa5 Rcc2 37. Ra6 Kg6 38. Ne7+ Kf7 39. Nf5 Rc1
40. Ke4 Rcf1 41. d5 1-0

[Event "Bonn GSK"]
[Site "Bonn"]
[Date "1993.??.??"]
[Round "?"]
[White "Seul, Georg"]
[Black "Dokhoian, Yury"]
[Result "0-1"]
[WhiteElo "2415"]
[BlackElo "2515"]
[PlyCount "74"]
[EventDate "1993.??.??"]
[EventType "tourn"]
[EventRounds "9"]
[EventCountry "GER"]
[EventCategory "8"]
[SourceTitle "CBM 034"]
[Source "ChessBase"]
[SourceDate "1993.06.01"]
[SourceVersion "1"]
[SourceVersionDate "1993.06.01"]
[SourceQuality "1"]

1. d4 d5 2. c4 e6 3. Nf3 Nf6 4. Bg5 dxc4 5. e3 b5 6. a4 c6 7. Nc3 Bb4 8. Be2
Nbd7 9. O-O Qb6 10. Qc2 Bb7 11. e4 O-O 12. Rad1 a6 13. e5 Nd5 14. Ne4 c5 15.
Nd6 cxd4 16. Nxd4 Nxe5 17. Nxb7 Qxb7 18. Qe4 Bd6 19. Nf5 Qc7 20. f4 Bc5+ 21.
Kh1 Nd7 22. Nd4 N7f6 23. Qf3 Qb6 24. Nc2 Rad8 25. axb5 axb5 26. g4 Rd6 27. f5
exf5 28. Qxf5 Re6 29. Bxf6 Nxf6 30. Bf3 h6 31. h4 Qc7 32. g5 hxg5 33. hxg5 g6
34. Qh3 Ne4 35. Bxe4 Rxe4 36. Rd2 Qc6 37. Rf3 Rh4 0-1

[Event "GER CupT"]
[Site "Germany"]
[Date "1993.??.??"]
[Round "?"]
[White "Dokhoian, Yury"]
[Black "Gutman, Lev"]
[Result "1-0"]
[WhiteElo "2510"]
[BlackElo "2450"]
[PlyCount "80"]
[EventDate "1993.??.??"]
[EventType "team"]
[EventRounds "9"]
[EventCountry "GER"]
[SourceTitle "EXT 1997"]
[Source "ChessBase"]
[SourceDate "1996.11.15"]
[SourceVersion "1"]
[SourceVersionDate "1996.11.15"]
[SourceQuality "1"]

1. d4 Nf6 2. c4 g6 3. Nc3 Bg7 4. e4 O-O 5. Be2 c6 6. Bf3 d6 7. Nge2 Na6 8. O-O
Rb8 9. a3 Nd7 10. Bg5 Nc7 11. Qd2 c5 12. Nd5 Nxd5 13. exd5 Bf6 14. Bxf6 exf6
15. Nc3 f5 16. Nb5 a6 17. Nxd6 Qf6 18. dxc5 Nxc5 19. Nxc8 Rfxc8 20. Rad1 b5 21.
cxb5 axb5 22. Qb4 Na6 23. Qa5 Nc5 24. Qb4 Na6 25. Qd4 Qxd4 26. Rxd4 Rc2 27. b4
Nc7 28. Rfd1 Kf8 29. R4d2 Rc3 30. Rd3 Rc2 31. Re3 Rd8 32. d6 Ne6 33. h4 h5 34.
Be2 f4 35. Re4 Rb8 36. d7 Rd8 37. Bxb5 f3 38. a4 fxg2 39. a5 Rc7 40. a6 Ke7 1-0

[Event "Lublin"]
[Site "Lublin"]
[Date "1993.??.??"]
[Round "?"]
[White "Dokhoian, Yury"]
[Black "Dybowski, Jerzy"]
[Result "1-0"]
[WhiteElo "2510"]
[BlackElo "2360"]
[PlyCount "140"]
[EventDate "1993.??.??"]
[EventType "tourn"]
[EventRounds "11"]
[EventCountry "POL"]
[EventCategory "8"]
[SourceTitle "CBM 037 Extra"]
[Source "ChessBase"]
[SourceDate "1994.01.01"]
[SourceVersion "1"]
[SourceVersionDate "1994.01.01"]
[SourceQuality "1"]

1. d4 f5 2. Nc3 Nf6 3. Bg5 d5 4. Bxf6 exf6 5. e3 c6 6. Bd3 g6 7. h3 Bd6 8. Qf3
Na6 9. a3 Nc7 10. g4 fxg4 11. hxg4 Kf7 12. Nge2 Ne6 13. Rh4 Bd7 14. O-O-O Qe7
15. e4 Ng5 16. Qh1 dxe4 17. Nxe4 Kg7 18. Nxd6 Qxd6 19. f4 Nf7 20. Qf3 Rae8 21.
Nc3 g5 22. fxg5 fxg5 23. Rxh7+ Rxh7 24. Bxh7 Qf4+ 25. Qxf4 gxf4 26. Bd3 Ng5 27.
Rf1 f3 28. Nd1 Rh8 29. Nf2 Rh2 30. Ne4 Nxe4 31. Bxe4 Bxg4 32. Bxf3 Bf5 33. Bd1
Kg6 34. Rf3 Rh4 35. c3 Rh2 36. Re3 Kf6 37. Re5 Rg2 38. Be2 Bg6 39. Kd2 Rg1 40.
Bd3 Rg2+ 41. Be2 Rg1 42. c4 Rg3 43. Ra5 Rb3 44. Kc1 a6 45. Re5 Rh3 46. Ra5 Bd3
47. Re5 Bg6 48. Rc5 Rh4 49. d5 cxd5 50. Rxd5 Be4 51. Rd8 Rh3 52. a4 Bc6 53. a5
Be4 54. Bd1 Ke5 55. Kd2 Rg3 56. b3 Rh3 57. Rd7 Rg3 58. Kc1 Rg2 59. b4 Rh2 60.
Bb3 Rh3 61. Kb2 Rh2+ 62. Ka3 Rh3 63. Rd2 Rd3 64. Rh2 Kd4 65. Kb2 Rg3 66. Rh4
Rg2+ 67. Ka3 Re2 68. b5 axb5 69. cxb5 Kc3 70. Rh5 Bd3 1-0

[Event "Lublin"]
[Site "Lublin"]
[Date "1993.??.??"]
[Round "?"]
[White "Hawelko, Marek"]
[Black "Dokhoian, Yury"]
[Result "0-1"]
[WhiteElo "2400"]
[BlackElo "2510"]
[PlyCount "68"]
[EventDate "1993.??.??"]
[EventType "tourn"]
[EventRounds "11"]
[EventCountry "POL"]
[EventCategory "8"]
[SourceTitle "CBM 037 Extra"]
[Source "ChessBase"]
[SourceDate "1994.01.01"]
[SourceVersion "1"]
[SourceVersionDate "1994.01.01"]
[SourceQuality "1"]

1. e4 c5 2. Nf3 Nc6 3. Bb5 g6 4. O-O Bg7 5. Re1 e5 6. b4 cxb4 7. a3 Nge7 8.
axb4 O-O 9. Bb2 d6 10. c3 h6 11. Bf1 Be6 12. Na3 d5 13. exd5 Bxd5 14. d3 a6 15.
b5 axb5 16. Nxb5 Qb6 17. d4 exd4 18. Nfxd4 Nxd4 19. cxd4 Nf5 20. Ba3 Nxd4 21.
Rc1 Rfc8 22. Rxc8+ Rxc8 23. Bb2 Nxb5 24. Bxg7 Kxg7 25. Qxd5 Nc3 26. Qd7 Rd8 27.
Qe7 Rd2 28. Qe5+ Qf6 29. Qg3 b5 30. h4 h5 31. Re5 b4 32. Bc4 Rd1+ 33. Kh2 Rd4
34. Bb3 Ne4 0-1

[Event "Lublin"]
[Site "Lublin"]
[Date "1993.??.??"]
[Round "?"]
[White "Zolnierowicz, Krzysztof"]
[Black "Dokhoian, Yury"]
[Result "0-1"]
[WhiteElo "2355"]
[BlackElo "2510"]
[PlyCount "64"]
[EventDate "1993.??.??"]
[EventType "tourn"]
[EventRounds "11"]
[EventCountry "POL"]
[EventCategory "8"]
[SourceTitle "CBM 037 Extra"]
[Source "ChessBase"]
[SourceDate "1994.01.01"]
[SourceVersion "1"]
[SourceVersionDate "1994.01.01"]
[SourceQuality "1"]

1. e4 c5 2. Nf3 Nc6 3. Bb5 g6 4. O-O Bg7 5. c3 Nf6 6. Re1 O-O 7. h3 e5 8. d4
cxd4 9. cxd4 exd4 10. e5 Nd5 11. Bg5 Qc7 12. Bxc6 dxc6 13. Qxd4 h6 14. Bh4 g5
15. Bg3 Ne7 16. Bh2 Rd8 17. Qe3 Nf5 18. Qe2 Nd4 19. Nxd4 Rxd4 20. e6 Qe7 21.
exf7+ Qxf7 22. Be5 Bxe5 23. Qxe5 Rd5 24. Qe3 Bf5 25. Nc3 Rd3 26. Qc5 Be6 27.
Re5 Rf8 28. Qxa7 Bxh3 29. Rae1 Bxg2 30. Re7 Qh5 31. Kxg2 Qg4+ 32. Kf1 Rg3 0-1

[Event "Cuxhaven op"]
[Site "Cuxhaven"]
[Date "1993.??.??"]
[Round "1"]
[White "Dokhoian, Yury"]
[Black "Schaefer, Markus"]
[Result "1-0"]
[WhiteElo "2550"]
[BlackElo "2455"]
[PlyCount "56"]
[EventDate "1993.03.??"]
[EventType "swiss"]
[EventRounds "9"]
[EventCountry "GER"]
[SourceTitle "EXT 1997"]
[Source "ChessBase"]
[SourceDate "1996.11.15"]
[SourceVersion "1"]
[SourceVersionDate "1996.11.15"]
[SourceQuality "1"]

1. d4 Nf6 2. c4 g6 3. Nc3 Bg7 4. e4 d6 5. Be2 O-O 6. Nf3 Bg4 7. Be3 Nfd7 8. Rc1
e5 9. d5 a5 10. O-O Na6 11. Ne1 Bxe2 12. Qxe2 Nac5 13. f3 h5 14. g4 Qh4 15. g5
Qh3 16. b3 Rfe8 17. Rb1 Na6 18. a3 Nf8 19. b4 axb4 20. axb4 Nh7 21. Nd3 Nb8 22.
c5 Bf8 23. Kh1 Be7 24. Rg1 Qd7 25. b5 dxc5 26. Nxc5 Bxc5 27. Bxc5 b6 28. Bb4
Qd8 1-0

[Event "Cuxhaven op"]
[Site "Cuxhaven"]
[Date "1993.??.??"]
[Round "2"]
[White "Piven, Igor"]
[Black "Dokhoian, Yury"]
[Result "0-1"]
[WhiteElo "2345"]
[BlackElo "2550"]
[PlyCount "66"]
[EventDate "1993.03.??"]
[EventType "swiss"]
[EventRounds "9"]
[EventCountry "GER"]
[SourceTitle "EXT 1997"]
[Source "ChessBase"]
[SourceDate "1996.11.15"]
[SourceVersion "1"]
[SourceVersionDate "1996.11.15"]
[SourceQuality "1"]

1. Nf3 d5 2. d4 Nf6 3. c4 e6 4. g3 dxc4 5. Bg2 Nc6 6. O-O Rb8 7. Nc3 Bb4 8. e3
O-O 9. Qe2 b5 10. Rd1 Nd5 11. Bd2 Be7 12. a3 a6 13. e4 Nb6 14. d5 exd5 15. exd5
Nxd5 16. Nxd5 Qxd5 17. Ng5 Qe5 18. Qh5 Bxg5 19. Bxg5 Nd4 20. Re1 Qc5 21. Qh4
Nf5 22. Qh5 Nxg3 23. hxg3 h6 24. Re7 Be6 25. Re1 Qxg5 26. Qxg5 hxg5 27. Rxc7
Rfd8 28. Re2 Rb6 29. Ra7 Rdd6 30. Be4 g6 31. Kg2 Kg7 32. Bf3 Rd4 33. Re5 g4 0-1

[Event "Cuxhaven op"]
[Site "Cuxhaven"]
[Date "1993.??.??"]
[Round "4"]
[White "Mrva, Martin"]
[Black "Dokhoian, Yury"]
[Result "0-1"]
[WhiteElo "2355"]
[BlackElo "2550"]
[PlyCount "70"]
[EventDate "1993.03.??"]
[EventType "swiss"]
[EventRounds "9"]
[EventCountry "GER"]
[SourceTitle "EXT 1997"]
[Source "ChessBase"]
[SourceDate "1996.11.15"]
[SourceVersion "1"]
[SourceVersionDate "1996.11.15"]
[SourceQuality "1"]

1. e4 c5 2. Nf3 Nc6 3. d4 cxd4 4. Nxd4 Nf6 5. Nc3 d6 6. g3 g6 7. Bg2 Nxd4 8.
Qxd4 Bg7 9. Bg5 O-O 10. Qd2 Be6 11. O-O Ng4 12. Nd5 Bxd5 13. Qxd5 Bxb2 14. Rab1
Bf6 15. Rxb7 Rc8 16. Qd2 Rc7 17. Rfb1 Qc8 18. Rxc7 Qxc7 19. Bxf6 Nxf6 20. e5
dxe5 21. Rb7 Qc5 22. h3 Rc8 23. a4 e4 24. a5 Kg7 25. a6 Rc6 26. Bf1 Rd6 27. Qe3
Qxc2 28. Rxa7 Rd1 29. Kg2 Nd5 30. Qe2 Rd2 31. Qe1 e3 32. Rb7 Qe4+ 33. Kh2 Rxf2+
34. Qxf2 exf2 35. a7 Ne3 0-1

[Event "Cuxhaven op"]
[Site "Cuxhaven"]
[Date "1993.??.??"]
[Round "6"]
[White "Slobodjan, Roman"]
[Black "Dokhoian, Yury"]
[Result "0-1"]
[WhiteElo "2435"]
[BlackElo "2550"]
[PlyCount "94"]
[EventDate "1993.03.??"]
[EventType "swiss"]
[EventRounds "9"]
[EventCountry "GER"]
[SourceTitle "EXT 1997"]
[Source "ChessBase"]
[SourceDate "1996.11.15"]
[SourceVersion "1"]
[SourceVersionDate "1996.11.15"]
[SourceQuality "1"]

1. e4 c5 2. Nf3 d6 3. Bb5+ Nd7 4. d4 Ngf6 5. Nc3 a6 6. Bxd7+ Nxd7 7. O-O cxd4
8. Qxd4 e6 9. Re1 f6 10. Be3 Be7 11. Rad1 O-O 12. Nd2 b5 13. Nd5 Nc5 14. Nxe7+
Qxe7 15. Nb3 Nxb3 16. axb3 Rd8 17. c4 e5 18. Qd3 Be6 19. Bb6 Rd7 20. Ba5 Rb8
21. Ra1 bxc4 22. bxc4 Rxb2 23. Red1 h6 24. Qa3 Rc2 25. Bb4 Bxc4 26. Bxd6 Qe6
27. h3 Re2 28. Bc5 Rxe4 29. Qa4 Bd3 30. Qa3 Qd5 31. Ra2 Rc4 32. Be3 Rc6 33. Rb2
Rc8 34. Rb6 f5 35. Rxa6 f4 36. Ba7 e4 37. Ra5 Qe6 38. Qb2 Kh7 39. Re1 Rc2 40.
Qe5 e3 41. Qxf4 exf2+ 42. Bxf2 Rf7 43. Qg3 Qb3 44. Bd4 Be4 45. Bf2 Qxg3 46.
Bxg3 Rxg2+ 47. Kh1 Rf1+ 0-1

[Event "Cattolica op"]
[Site "Cattolica"]
[Date "1993.??.??"]
[Round "7"]
[White "Drazic, Sinisa"]
[Black "Dokhoian, Yury"]
[Result "0-1"]
[WhiteElo "2400"]
[BlackElo "2550"]
[PlyCount "88"]
[EventDate "1993.05.??"]
[EventType "swiss"]
[EventRounds "9"]
[EventCountry "ITA"]
[SourceTitle "TD"]
[Source "ChessBase"]
[SourceDate "1994.03.01"]
[SourceVersion "1"]
[SourceVersionDate "1994.03.01"]
[SourceQuality "1"]

1. e4 c5 2. Nf3 Nc6 3. d4 cxd4 4. Nxd4 Nf6 5. Nc3 d6 6. Bc4 Qb6 7. Nb3 e6 8.
O-O Be7 9. a4 O-O 10. Re1 Qc7 11. a5 Rd8 12. Nb5 Qb8 13. Bf4 h6 14. Bg3 a6 15.
Nc3 b5 16. axb6 Qxb6 17. Bf4 Bb7 18. Na4 Qc7 19. Nac5 a5 20. Nxb7 Qxb7 21. Ra4
d5 22. exd5 Nxd5 23. Bxd5 Rxd5 24. Qf3 Qd7 25. Rc4 Rc8 26. h3 a4 27. Nd2 e5 28.
Be3 f5 29. Nb1 e4 30. Qe2 Nd4 31. Bxd4 Rxd4 32. Rxc8+ Qxc8 33. Nc3 Bb4 34. Qe3
Bxc3 35. bxc3 Rc4 36. Qa7 Qc5 37. Qa8+ Kh7 38. Re3 a3 39. h4 Rxc3 40. Rxc3 Qxc3
41. Qd5 Qe1+ 42. Kh2 Qxf2 43. Kh3 e3 44. h5 e2 0-1

[Event "Cattolica op"]
[Site "Cattolica"]
[Date "1993.??.??"]
[Round "9"]
[White "Szalanczy, Emil"]
[Black "Dokhoian, Yury"]
[Result "0-1"]
[WhiteElo "2360"]
[BlackElo "2550"]
[PlyCount "126"]
[EventDate "1993.05.??"]
[EventType "swiss"]
[EventRounds "9"]
[EventCountry "ITA"]
[SourceTitle "TD"]
[Source "ChessBase"]
[SourceDate "1994.03.01"]
[SourceVersion "1"]
[SourceVersionDate "1994.03.01"]
[SourceQuality "1"]

1. e4 c5 2. Nf3 Nc6 3. d4 cxd4 4. Nxd4 Nf6 5. Nc3 d6 6. Be3 e5 7. Ndb5 a6 8.
Na3 b5 9. Nd5 Rb8 10. Nxf6+ Qxf6 11. c4 b4 12. Nb1 a5 13. Nd2 Qg6 14. h4 Be7
15. g3 O-O 16. Bg2 Bd8 17. O-O Bb6 18. Bxb6 Rxb6 19. Rc1 Rd8 20. Re1 Bg4 21.
Bf3 Bd7 22. Re3 Nd4 23. Bh5 Qh6 24. Bg4 Bxg4 25. Qxg4 Qe6 26. Qh5 Rc6 27. Kg2
Rf8 28. b3 f5 29. Nf3 fxe4 30. Nd2 Rf5 31. Qd1 Rc8 32. Nxe4 Rcf8 33. Qd3 Qg6
34. Rd1 Qg4 35. Rd2 Qg6 36. Ng5 h6 37. Ne4 Kh8 38. c5 dxc5 39. Nxc5 Qc6+ 40.
Ne4 Nf3 41. Qd5 Qg6 42. Rxf3 Rxf3 43. Qxe5 R3f5 44. Qd4 Rf4 45. Re2 Re8 46. h5
Qxh5 47. gxf4 Qxe2 48. Ng3 Qb5 49. Qd6 Qb8 50. Qd7 Qa8+ 51. f3 Qd8 52. Qg4 Qd2+
53. Kh3 Qxa2 54. Nh5 Qa1 55. Qd7 Rg8 56. f5 a4 57. Nf4 axb3 58. Ng6+ Kh7 59.
Qd3 Qf6 60. f4 b2 61. Kg4 Rd8 62. Qe4 Qd4 63. Qb1 Qd1+ 0-1

[Event "Muenster op"]
[Site "Muenster"]
[Date "1993.??.??"]
[Round "6"]
[White "Arkhipov, Sergey"]
[Black "Dokhoian, Yury"]
[Result "0-1"]
[WhiteElo "2520"]
[BlackElo "2550"]
[PlyCount "89"]
[EventDate "1993.10.??"]
[EventType "swiss"]
[EventRounds "9"]
[EventCountry "GER"]
[SourceTitle "EXT 1999"]
[Source "ChessBase"]
[SourceDate "1998.11.16"]
[SourceVersion "1"]
[SourceVersionDate "1998.11.16"]
[SourceQuality "1"]

1. e4 c5 2. Nf3 Nc6 3. Bb5 d6 4. O-O Bd7 5. Re1 Nf6 6. c3 a6 7. Bf1 Bg4 8. d3
e6 9. Nbd2 Be7 10. h3 Bh5 11. g4 Bg6 12. Nh4 d5 13. f4 dxe4 14. dxe4 Nd7 15.
Nhf3 h5 16. f5 Bh7 17. Nc4 hxg4 18. hxg4 Qc7 19. Qd2 b5 20. Ne3 Nde5 21. Nxe5
Nxe5 22. Bg2 Bg8 23. Qe2 c4 24. Nf1 Nd3 25. Be3 Nxe1 26. Rxe1 Rd8 27. Rd1 Rxd1
28. Qxd1 f6 29. Qf3 e5 30. Qg3 Bf7 31. g5 fxg5 32. Bxg5 Bxg5 33. Qxg5 Qb6+ 34.
Ne3 O-O 35. Kf1 Qf6 36. Qg3 Rd8 37. Bf3 Qh6 38. Nd5 Bxd5 39. exd5 Qf4 40. Qxf4
exf4 41. Kg2 Kf7 42. Kh3 Kf6 43. Kg4 Ke5 44. Kg5 Rd6 45. a3 0-1

[Event "Bonn GSK"]
[Site "Bonn"]
[Date "1994.??.??"]
[Round "1"]
[White "Sieglen, Joachim"]
[Black "Dokhoian, Yury"]
[Result "0-1"]
[WhiteElo "2410"]
[BlackElo "2570"]
[PlyCount "60"]
[EventDate "1994.??.??"]
[EventType "tourn"]
[EventRounds "9"]
[EventCountry "GER"]
[EventCategory "12"]
[SourceTitle "CBM 040"]
[Source "ChessBase"]
[SourceDate "1994.06.01"]
[SourceVersion "1"]
[SourceVersionDate "1994.06.01"]
[SourceQuality "1"]

1. Nf3 Nf6 2. c4 e6 3. g3 d5 4. b3 c5 5. Bg2 Nc6 6. O-O d4 7. e3 Bd6 8. exd4
cxd4 9. a3 a5 10. d3 O-O 11. Qc2 h6 12. Nbd2 e5 13. c5 Bc7 14. Nc4 Bf5 15. Re1
Re8 16. Bd2 e4 17. dxe4 Nxe4 18. Nh4 d3 19. Qb2 Bh7 20. Be3 Qe7 21. Nf3 Nxc5
22. Bxh6 Qf8 23. Be3 Rad8 24. Rac1 d2 25. Ncxd2 Nd3 26. Qc3 Nxe1 27. Nxe1 Be5
28. Qc5 Qxc5 29. Rxc5 Bd4 30. Bxc6 bxc6 0-1

[Event "Bonn GSK"]
[Site "Bonn"]
[Date "1994.??.??"]
[Round "3"]
[White "Rozentalis, Eduardas"]
[Black "Dokhoian, Yury"]
[Result "0-1"]
[WhiteElo "2605"]
[BlackElo "2570"]
[PlyCount "150"]
[EventDate "1994.??.??"]
[EventType "tourn"]
[EventRounds "9"]
[EventCountry "GER"]
[EventCategory "12"]
[SourceTitle "CBM 040"]
[Source "ChessBase"]
[SourceDate "1994.06.01"]
[SourceVersion "1"]
[SourceVersionDate "1994.06.01"]
[SourceQuality "1"]

1. e4 c5 2. Nf3 Nc6 3. Bb5 d6 4. O-O Bd7 5. Re1 Nf6 6. c3 a6 7. Ba4 c4 8. Bc2
e5 9. b3 b5 10. Qe2 Rc8 11. d3 cxb3 12. axb3 b4 13. Rxa6 bxc3 14. Ra4 Nd4 15.
Rxd4 exd4 16. Nxd4 Be7 17. e5 dxe5 18. Qxe5 Kf8 19. h3 Bb4 20. Ba3 Bxa3 21.
Nxa3 Qc7 22. Nc4 Qxe5 23. Rxe5 Re8 24. Rc5 Re1+ 25. Kh2 Ke7 26. Nb6 Rb8 27.
Nxd7 Kxd7 28. Rxc3 Nd5 29. Rc4 Nb4 30. Nf5 Rc1 31. Ne3 Nxc2 32. Nxc2 Rxb3 33.
Rd4+ Ke8 34. Ne3 Rc7 35. Rh4 h6 36. Nf5 Kf8 37. Rd4 Rb8 38. g4 Kg8 39. Kg2 Kh7
40. Rf4 Rd7 41. Ng3 Rb2 42. Ne4 Rc2 43. Kf1 Kg8 44. Rf3 Rb2 45. Re3 Rd4 46. Rf3
Rd5 47. Ke1 Ra5 48. Kf1 Rc2 49. Kg2 Rc1 50. Re3 Raa1 51. Nd6 Re1 52. Re4 Rad1
53. Nf5 Rxe4 54. dxe4 Rd3 55. h4 Kh7 56. h5 g6 57. hxg6+ fxg6 58. Ne3 Kg7 59.
Nd5 Kf7 60. f3 Rb3 61. Nf4 Kf6 62. Kg3 Rb2 63. Nd3 Rd2 64. Nf4 Ra2 65. Nd5+ Ke5
66. Nf4 g5 67. Nd5 Kd4 68. Ne7 Ke3 69. Nf5+ Ke2 70. e5 Kf1 71. e6 Rg2+ 72. Kh3
Kf2 73. Nxh6 Rg1 74. Kh2 Re1 75. Nf7 Rxe6 0-1

[Event "Bonn GSK"]
[Site "Bonn"]
[Date "1994.??.??"]
[Round "6"]
[White "Dokhoian, Yury"]
[Black "Gawehns, Klaus"]
[Result "1-0"]
[WhiteElo "2570"]
[BlackElo "2345"]
[PlyCount "39"]
[EventDate "1994.??.??"]
[EventType "tourn"]
[EventRounds "9"]
[EventCountry "GER"]
[EventCategory "12"]
[SourceTitle "CBM 040"]
[Source "ChessBase"]
[SourceDate "1994.06.01"]
[SourceVersion "1"]
[SourceVersionDate "1994.06.01"]
[SourceQuality "1"]

1. d4 d5 2. c4 c6 3. Nc3 Nf6 4. e3 g6 5. Nf3 Bg7 6. Be2 O-O 7. O-O dxc4 8. Bxc4
Bg4 9. h3 Bxf3 10. Qxf3 Nbd7 11. Rd1 Qc7 12. e4 e5 13. d5 Nb6 14. Bb3 cxd5 15.
exd5 Nc8 16. Bg5 e4 17. Qf4 Qxf4 18. Bxf4 Nd7 19. Nxe4 Bxb2 20. Rab1 1-0